000
00305nam a2200121Ia 4500
005
20251222154346.0
008
251222s9999||||xx |||||||||||||| ||spa||
020
_a
978-968-18-5916-9
082
_a
628/M53
100
_a
"Mihelcic, James R."
245
0
_a
Fundamentos de ingenierĂa ambiental
942
_c
LIB
999
_c
34708
_d
34708